01005cam a22002897i 450000100100000000500170001000800410002701000130006804000250008108200230010610000410012924000170017024500730018725000110026026000350027130000210030644000370032750000430036465000290040765000310043670000330046783000370050091000280053704900090056595201260057499900150070000000653020200929153939.0800808s1941 sp 000 0 spa  a80129331 aDO-SdBNPcspadBNPHU a861.3bM285c, 19411 aManrique, Jorge,d1440?-1479.91505110aWorks.f197210aCancionero /cJorge Manrique ; edición y glosario Augusto Cortina. a2a ed. aMadrid :bEspasa-Calpe,c1941. a159 p. ;c18 cm. 0aClásicos Castellanosv9494180 aIncluye notas al pie de las páginas. 4aPoesía española9631 4aLiteratura española96321 aCortina, Augustoced.918129 0aClásicos Castellanosv9494180 aCatalogación original aBNGR 001052708MOaGRbGRcCTd2009-08-31iLF1l0o861.3 M285c, 1941p6530-10r2020-06-25w2020-06-25y2ZPréstamo interno c6321d6321